MARC details
| 000 -CABECERA |
| campo de control de longitud fija |
00783cam a2200229 a 4500 |
| 001 - NÚMERO DE CONTROL |
| campo de control |
000001322 |
| 005 - FECHA Y HORA DE LA ÚLTIMA TRANSACCIÓN |
| campo de control |
20200929145536.0 |
| 008 - DATOS DE LONGITUD FIJA--INFORMACIÓN GENERAL |
| campo de control de longitud fija |
711015s1971 onca b 001 0 eng |
| 020 ## - NÚMERO INTERNACIONAL ESTÁNDAR DEL LIBRO |
| Número Internacional Estándar del Libro |
0802052525 |
| 020 ## - NÚMERO INTERNACIONAL ESTÁNDAR DEL LIBRO |
| Número Internacional Estándar del Libro |
0802000355 |
| 040 ## - FUENTE DE LA CATALOGACIÓN |
| Centro catalogador/agencia de origen |
DO-SdBNP |
| Centro/agencia transcriptor |
DLC |
| Centro/agencia modificador |
DLC |
| 082 ## - NÚMERO DE LA CLASIFICACIÓN DECIMAL DEWEY |
| Número de clasificación |
320.971 |
| Número de documento/Ítem |
A425s |
| 049 ## - FONDOS LOCALES (OCLC) |
| Fondos de biblioteca |
BNGR |
| 100 1# - ENTRADA PRINCIPAL--NOMBRE DE PERSONA |
| Nombre de persona |
Allen, Richard, |
| Fechas asociadas al nombre |
1929- |
| 9 (RLIN) |
4463 |
| 245 14 - MENCIÓN DE TÍTULO |
| Título |
The social passion : |
| Resto del título |
religion and social reform in Canada, 1914-28 / |
| Mención de responsabilidad, etc. |
Richard Allen. |
| 260 ## - PUBLICACIÓN, DISTRIBUCIÓN, ETC. |
| Lugar de publicación, distribución, etc. |
Toronto, Ontario, Canada : |
| Nombre del editor, distribuidor, etc. |
University of Toronto Press, |
| Fecha de publicación, distribución, etc. |
1971. |
| 300 ## - DESCRIPCIÓN FÍSICA |
| Extensión |
xxv, 385 p. : |
| Otras características físicas |
il. ; |
| Dimensiones |
26 cm. |
| 504 ## - NOTA DE BIBLIOGRAFÍA, ETC. |
| Nota de bibliografía, etc. |
Bibliografía: p. [357]-364. |
| 651 #4 - PUNTO DE ACCESO ADICIONAL DE MATERIA--NOMBRE GEOGRÁFICO |
| Nombre geográfico |
Canadá |
| Subdivisión general |
Condiciones Sociales. |
| 9 (RLIN) |
4464 |
| 650 #4 - PUNTO DE ACCESO ADICIONAL DE MATERIA--TÉRMINO DE MATERIA |
| Término de materia o nombre geográfico como elemento de entrada |
Iglesia y problemas sociales |
| Subdivisión geográfica |
Canadá |
| Subdivisión general |
Historia |
| 9 (RLIN) |
4465 |
| 910 ## - DATOS DE OPCIÓN DEL USUARIO (OCLC) |
| Datos de opción del usuario |
Catalogación por copia / LC |